Socialist India (Record no. 5966)

MARC details
000 -LEADER
fixed length control field 00337nam a2200133Ia 4500
022 ## - INTERNATIONAL STANDARD SERIAL NUMBER
ISSN 0037-8208
245 #0 - TITLE STATEMENT
Title Socialist India
260 ## - PUBLICATION, DISTRIBUTION, ETC. (IMPRINT)
Name of publisher Socialist India
Place of publication New Delhi
310 ## - CURRENT PUBLICATION FREQUENCY
Current publication frequency W
500 ## - GENERAL NOTE
General note Ending Volume & Year: 1976,
500 ## - GENERAL NOTE
General note Starting Volume & Year: 1, 1970
942 ## - ADDED ENTRY ELEMENTS (KOHA)
Koha item type Bound Journal
Holdings
Withdrawn status Lost status Damaged status Not for loan Home library Current library Date acquired Accession Number Koha item type
      Bound journals RRII Library RRII Library 31/12/2021 05948J Bound Journal